| 000 | 00471nam a2200169Ia 4500 | ||
|---|---|---|---|
| 003 | GCL | ||
| 008 | 140319s9999 xx 000 0 ara d | ||
| 040 |
_aGCL / _cGCL |
||
| 082 | 0 | 4 |
_a615.8 _bس ع |
| 100 | 1 | _aسامى محمود | |
| 245 | 1 | 0 |
_aالعلاج باللبن / _cسامى محمود |
| 260 |
_aالقاهرة : _bمكتبة معروف ، _c0 |
||
| 300 |
_a99 ص ؛ _c16 سم |
||
| 650 | 0 | 4 | _aالطب الشعبى |
| 650 | 0 | 4 | _aاللبن |
| 942 |
_2ddc _cBK |
||
| 999 |
_c57346 _d57346 |
||